Anxiety Management in Speaking in a Foreign Language in the Context of Cognitive and Behavioral Methods

Úzkosť a strach ako emócie, ktoré majú adaptívnu funkciu a pomáhajú čeliť svetu, ktorý je nepredvídateľný. Prispievanie k regulácii medziľudských, skupinových a spoločenských vzťahov a ich dôležitosť ako dôkaz úspechu jednotlivca. Základné vymedzenie týchto všadeprítomných javov v živote ľudí. Pohľa...

Description complète

Enregistré dans:
Détails bibliographiques
Auteur principal: Müller de Morais, Marianna
Autres auteurs: Škorvagová, Eva, Kráľová, Zdena
Format: Chapitre de livre
Langue:anglais
Sujets:
Tags: Ajouter un tag
Pas de tags, Soyez le premier à ajouter un tag!

MARC

LEADER 00000naa a2200000 4500
001 0257334
005 20190807114808.5
041 0 |a eng 
044 |a CZ 
245 1 0 |a Anxiety Management in Speaking in a Foreign Language in the Context of Cognitive and Behavioral Methods  |c Marianna Müller de Morais, Eva Škorvagová, Zdena Kráľová 
520 |a Úzkosť a strach ako emócie, ktoré majú adaptívnu funkciu a pomáhajú čeliť svetu, ktorý je nepredvídateľný. Prispievanie k regulácii medziľudských, skupinových a spoločenských vzťahov a ich dôležitosť ako dôkaz úspechu jednotlivca. Základné vymedzenie týchto všadeprítomných javov v živote ľudí. Pohľad na ich dominantné demonštrácie a možnosti riadenia úzkosti s dôrazom na selektívne kognitívne a behaviorálne metódy. Znalosť ich riadenia s cieľom dosiahnuť podporu a minimalizovať ich negatívne predpoklady na dosiahnutie úspechu jednotlivca, čo môže pomôcť pri zlepšovaní dosiahnutých výsledkov. 
610 2 0 |a vzťahy medziľudské 
610 2 0 |a vzťahy spoločenské 
610 2 0 |a riadenie 
610 2 0 |a emócie 
610 2 0 |a vzťahy neformálne 
610 2 0 |a behaviorizmus 
610 2 0 |a úspech pracovný 
100 1 |a Müller de Morais, Marianna 
700 1 |a Škorvagová, Eva 
700 1 |a Kráľová, Zdena